01522 a2200229 4500003000500000005001700005010001700022020001500039040000900054082001400063100002300077245006300100250001200163260005500175300007800230505065300308650002400961700002400985856010401009856008901113856009001202Nust20221129111616.0 a 96027594  a0534955320 cNust00a519.4,BUR1 aBurden, Richard L.10aNumerical analysis cRichard L. Burden, J. Douglas Faires. a6th ed. aPacific Grove, CA :bBrooks/Cole Pub. Co.,cc1997. axiii, 811 p. :bill. (some col.) ;c25 cm. +e1 computer disk (3 1/2 in.) aMathematical Preliminaries (Page -1), Solutions of Equations in One Variable (Page-47), Interpolation and Polynomial Approximation (Page-104), Numerical Differentiation and Integration (Page-167), Initial Value Problems for Ordinary Differential Equations (Page-252), Direct Methods for Solving Linear Systems (Page-350), Iterative Techniques in Matrix Algebra (Page-423), Approximation Theory (Page-473), Approximating Eigen values (Page-539), Numerical Solutions of Nonlinear Systems of Equations (Page-588), Boundary Value Problems for Ordinary Differential Equations( Page-624), Numerical Solutions to partial Differential Equations (Page-670). 0aNumerical analysis.1 aFaires, J. Douglas.423Contributor biographical informationuhttp://www.loc.gov/catdir/enhancements/fy1515/96027594-b.html423Publisher descriptionuhttp://www.loc.gov/catdir/enhancements/fy1515/96027594-d.html423Table of contents onlyuhttp://www.loc.gov/catdir/enhancements/fy1515/96027594-t.html